| 000 | 01151cam a2200361 a 4500 | ||
|---|---|---|---|
| 001 | 4346 | ||
| 003 | FISKH | ||
| 005 | 20250820092944.0 | ||
| 008 | 920706r19931974nyua j 000 0 eng | ||
| 010 | _a 92025167 | ||
| 020 | _a0590465716 : | ||
| 020 | _a9780590465717 | ||
| 040 |
_aDLC _cDLC _dDLC _beng |
||
| 050 | _aPZ8.T175 | ||
| 082 | _a398.21 | ||
| 100 | 1 | _aTarcov, Edith. | |
| 245 | 1 | 4 |
_aThe Frog Prince / _cretold by Edith H. Tarcov ; illustrated by James Marshall. |
| 250 | _aFirst printing, June 1993 | ||
| 260 |
_aNew York : _bScholastic, _c1974 |
||
| 300 |
_a38 unnumbered pages : _bcolor illustrations ; _c23 cm |
||
| 440 | 0 |
_aHello reader! _nLevel 3 |
|
| 505 | _aJ | ||
| 520 | _aAngry at being forced to keep her promise to a frog, the princess finally resorts to violent action, with unexpected results. | ||
| 521 |
_a500
_bLexile |
||
| 521 |
_aJ
_bRaz-Plus |
||
| 650 | 1 | _aFairy tales. | |
| 650 | 1 |
_aFolklore _zGermany. |
|
| 700 | 1 |
_aMarshall, James, _d1942-1992, _eillustrator |
|
| 730 | 0 | _aFroschkönig. | |
| 906 |
_a7 _bcbc _corignew _d1 _eocip _f19 _gy-gencatlg |
||
| 942 |
_2ddc _cBK _n0 |
||
| 999 |
_c4346 _d4346 |
||